Decisiones de precios en alta inflación: una revisión /
সংরক্ষণ করুন:
| প্রধান লেখক: | |
|---|---|
| সংস্থা লেখক: | , |
| বিন্যাস: | পাঠ্য |
| প্রকাশিত: |
Lima:
GRADE
|
| ট্যাগগুলো: |
ট্যাগ যুক্ত করুন
কোনো ট্যাগ নেই, প্রথমজন হিসাবে ট্যাগ করুন!
|
MARC
| LEADER | 00000 a a2200000 04500 | ||
|---|---|---|---|
| 001 | 24016 | ||
| 003 | |||
| 040 | |||
| 090 | |a 170400 | ||
| 100 | |a Paredes, Carlos E. | ||
| 110 | |a Grupo de análisis para el desarrollo | ||
| 245 | |a Decisiones de precios en alta inflación: una revisión / |c Grupo de análisis para el desarrollo | ||
| 260 | |a Lima: |b GRADE | ||
| 300 | |a 22 p; n. 3 | ||
| 710 | |a GRADE | ||
| 999 | |c 11995 |d 11995 | ||
